South Eastern Kenya University

Library Online Public Access Catalogue


Personality-guided therapy / (Record no. 4165)

MARC details
000 -LEADER
fixed length control field 00711cam a2200193 a 4500
020 ## - ISBN
International Standard Book Number 0471528072 (alk. paper)
050 00 - LIBRARY OF CONGRESS CALL NUMBER
Classification Number RC 480.5
Item Number .M54 1999
100 1# - MAIN ENTRY--Author
Personal name Millon, Theodore.
245 10 - TITLE
Title Personality-guided therapy /
Statement of responsibility, etc Theodore Millon ; with contributing associates, Seth Grossman ... [ et al.] ; foreword by Roger D. Davis.
260 ## - PUBLICATION, DISTRIBUTION, ETC.(IMPRINT)
Place of publication, distribution, etc New York :
Name of publisher, distributor, etc J. Wiley,
Date of publication, distribution, etc c1999.
300 ## - PHYSICAL DESCRIPTION
Extent xvi, 776 p. :
650 #0 - SUBJECT--TOPIC
Form subdivision Handbooks, manuals, etc.
650 #0 - SUBJECT--TOPIC
General subdivision Treatment
Form subdivision Handbooks, manuals, etc.
650 12 - SUBJECT--TOPIC
General subdivision methods.
700 1# - ADDED ENTRY--PERSONAL AUTHOR
Personal Name Grossman, Seth.
856 42 - URL/ELECTRONIC LOCATION AND ACCESS
Uniform Resource Identifier <a href="http://www.loc.gov/catdir/description/wiley032/99010439.html">http://www.loc.gov/catdir/description/wiley032/99010439.html</a>
856 4# - URL/ELECTRONIC LOCATION AND ACCESS
Uniform Resource Identifier <a href="http://www.loc.gov/catdir/toc/onix03/99010439.html">http://www.loc.gov/catdir/toc/onix03/99010439.html</a>
942 ## - ADDED ENTRY ELEMENTS(KOHA)
Source of classification or shelving scheme Library of Congress Classification
Koha item type General circulation
Holdings
Source of classification or shelving scheme Not for loan Location (home branch) Sublocation (holding branch) Shelving location Date accessioned Cost, normal purchase price Full call number Barcode Cost, replacement price Nonpublic note Koha item type
Library of Congress Classification   Main Campus Library Main Campus Library   24/06/2015 11160.00 RC 480.5 .M54 1999 2015/001116 11660.00 JM General circulation
Kitui, Kenya.
+254736116989
library@seku.ac.ke